[Event "Julian Mazur Memorial"]
[Site "Wellington Chess Club"]
[Date "2014.08.28"]
[Round "6"]
[White "Wilkins, Mark"]
[Black "Aldridge, Alan"]
[Result "1-0"]
[WhiteElo "1886"]
[BlackElo "1951"]

1. d4 Nf6 2. Bg5 d5 3. Bxf6 exf6 4. e3 Bd6 5. Bd3 Be6 6. Ne2 Nd7 7. Nd2 f5 8.
c3 Nf6 9. Qc2 Ne4 10. Nf3 c6 11. b3 O-O 12. g3 Rc8 13. h4 f6 14. Nf4 Bxf4 15.
gxf4 Bf7 16. h5 c5 17. dxc5 Rxc5 18. Bxe4 fxe4 19. Nd4 Qc8 20. Rc1 a5 21. f5 b5
22. Rg1 Re8 23. Qe2 Rxc3 24. Rd1 Rc1 25. Qg4 Qc3+ 26. Kf1 Rxd1+ 27. Qxd1 Qd3+
28. Qxd3 exd3 29. h6 g6 30. Ke1 a4 31. b4 Rc8 32. Kd2 Kf8 33. Kxd3 Rc4 34. a3
gxf5 35. f4 Bg6 36. Nxb5 Ke7 37. Nc3 Rc8 38. Ra1 Be8 39. Rb1 Kd6 40. Kd2 Rc4
41. Ne2 Rc8 42. Nd4 Bd7 43. Rg1 Be8 44. Nxf5+ 1-0

[Event "Julian Mazur Memorial"]
[Site "Wellington Chess Club"]
[Date "2014.09.04"]
[Round "7"]
[White "Aldridge, Alan"]
[Black "Roberts, Michael"]
[Result "1-0"]
[WhiteElo "1951"]
[BlackElo "1761"]

1. d4 Nf6 2. c4 g6 3. Nc3 d5 4. Nf3 Bg7 5. cxd5 Nxd5 6. Qb3 Nxc3 7. bxc3 c5 8.
e3 O-O 9. Be2 Nc6 10. O-O cxd4 11. cxd4 Na5 12. Qb4 Bg4 13. Ba3 Re8 14. Rac1 b6
15. h3 Be6 16. Bb5 Bd7 17. Rc2 Rc8 18. Rfc1 Rxc2 19. Rxc2 e6 20. Qa4 Bxb5 21.
Qxb5 e5 22. Bb2 e4 23. Nd2 h6 24. Ba3 Bf8 25. Bb2 f5 26. Nb3 Nxb3 27. Qxb3+ Kh7
28. Qf7+ Bg7 29. Rc7 Rg8 30. d5 1-0

[Event "Julian Mazur Memorial"]
[Site "Wellington Chess Club"]
[Date "2014.09.04"]
[Round "7"]
[White "Aumeier, Beate"]
[Black "Bennett, Ezra"]
[Result "0-1"]
[WhiteElo "1090"]
[BlackElo "1236"]

1. e4 e5 2. Nf3 Nc6 3. Bc4 f6 4. Nc3 Nge7 5. a3 d6 6. d3 Nd4 7. Nxd4 exd4 8.
Nb5 d5 9. Bf4 c6 10. Nc7+ Kf7 11. Nxa8 dxc4 12. Qf3 Qa5+ 13. Kf1 c3 14. b4 Qa4
15. Qe2 Ng6 16. Bg3 Bxb4 17. h4 h5 18. Nc7 Ba5 19. e5 Bxc7 20. e6+ Bxe6 21.
Bxc7 Re8 22. Re1 Bd7 23. Qxh5 Rxe1+ 24. Kxe1 Qxa3 25. Ke2 Qb2 26. Kf3 {black
won soon} 0-1

[Event "Julian Mazur Memorial"]
[Site "Wellington Chess Club"]
[Date "2014.09.04"]
[Round "7"]
[White "Farrington, Lawrence"]
[Black "Meravanage, Satwik"]
[Result "1-0"]
[WhiteElo "1852"]
[BlackElo "1238"]

1. e4 e5 2. Nf3 Nc6 3. Nc3 Nf6 4. Bb5 Bc5 5. Nxe5 Bxf2+ 6. Kxf2 Nxe5 7. Be2 d5
8. exd5 Nxd5 9. Re1 Qh4+ 10. Kg1 Nxc3 11. bxc3 O-O 12. d4 Ng4 13. Bxg4 Bxg4 14.
Qd2 Rfe8 15. Ba3 Rad8 16. Qf2 Qh6 17. h3 Bd7 18. Be7 Ra8 19. Bb4 a5 20. Rxe8+
Bxe8 21. Ba3 g6 22. Re1 Bc6 23. Re7 Re8 24. Qxf7+ Kh8 25. Rxe8+ 1-0

[Event "Julian Mazur Memorial"]
[Site "Wellington Chess Club"]
[Date "2014.09.04"]
[Round "7"]
[White "Jackson, Ross"]
[Black "Wilkins, Mark"]
[Result "0-1"]
[WhiteElo "1984"]
[BlackElo "1886"]

1. d4 Nf6 2. c4 e6 3. Nc3 Bb4 4. g3 O-O 5. Bg2 d5 6. cxd5 exd5 7. Nf3 Ne4 8.
Qb3 Na6 9. O-O Bxc3 10. bxc3 c6 11. h4 Qa5 12. Ba3 Re8 13. Rac1 b5 14. Rfd1 Qc7
15. Ne5 Nd6 16. Nxc6 Be6 17. Bxd6 Qxc6 18. Bf4 Rac8 19. Qb1 Qc4 20. e4 dxe4 21.
Bxe4 h6 22. Bb7 Nc7 23. Bxc8 Rxc8 24. Bxc7 Rxc7 25. Qb4 Qd5 26. Rd3 Bh3 0-1

[Event "Julian Mazur Memorial"]
[Site "Wellington Chess Club"]
[Date "2014.09.04"]
[Round "7"]
[White "Kay, Bruce"]
[Black "Perry, Roger"]
[Result "0-1"]
[WhiteElo "1744"]
[BlackElo "2098"]

1. d4 Nf6 2. c4 g6 3. Nc3 d5 4. cxd5 Nxd5 5. e4 Nxc3 6. bxc3 Bg7 7. Bc4 c5 8.
Ne2 Nc6 9. Be3 O-O 10. O-O Qc7 11. Rc1 b6 12. a4 Bb7 13. Qc2 Na5 14. Ba2 e6 15.
f3 Rfd8 16. Rfd1 Rac8 17. d5 exd5 18. Bxd5 Bxd5 19. exd5 c4 20. Rb1 Nb3 21. Nc1
Qe5 22. Bf2 Nxc1 23. Rbxc1 Rxd5 24. Rxd5 Qxd5 25. Rd1 Qc6 26. Kf1 h5 27. Bd4
Re8 28. Bxg7 Kxg7 29. Rd4 Qe6 30. Qd2 Qe5 31. Re4 Qb8 32. Rxe8 Qxe8 33. Qd4+
Kg8 34. Qxc4 Qe3 35. Qc7 Qc1+ 36. Kf2 Qc2+ 37. Kf1 Qxa4 38. c4 Qd1+ 39. Kf2
Qd4+ 40. Kf1 a5 41. Qc6 h4 42. h3 Kg7 43. Qb5 Qc5 44. Qb3 Qb4 45. Qc2 a4 46.
Ke2 a3 0-1

[Event "Julian Mazur Memorial"]
[Site "Wellington Chess Club"]
[Date "2014.09.04"]
[Round "7"]
[White "Konakanchi, Karthik"]
[Black "Brockway, Andrew"]
[Result "0-1"]
[WhiteElo "1351"]
[BlackElo "1784"]

1. e4 c5 2. Nf3 g6 3. d4 cxd4 4. Nxd4 Nc6 5. Be3 Bg7 6. Nc3 Nf6 7. Bb5 O-O 8.
O-O a6 9. Be2 e5 10. Nf3 b5 11. Nd5 Nxd5 12. exd5 Ne7 13. d6 Nc6 14. Bg5 f6 15.
Qd5+ Kh8 16. Be3 Rb8 17. Bc5 Qe8 18. Bd3 Bb7 19. Qb3 Nd8 20. Nd2 Ne6 21. Bb4
Nd4 22. Qa3 f5 23. c3 Ne6 24. Bc2 Nf4 25. f3 Qd8 26. Ba5 Qg5 0-1

[Event "Julian Mazur Memorial"]
[Site "Wellington Chess Club"]
[Date "2014.09.04"]
[Round "7"]
[White "Konakanchi, Pramodh"]
[Black "Scarlett, William"]
[Result "0-1"]
[WhiteElo "1300"]
[BlackElo "1255"]

1. e4 e5 2. Nf3 Nc6 3. Nc3 Nf6 4. Bc4 Nxe4 5. Nxe4 d5 6. Bxd5 Qxd5 7. Nc3 Qd8
8. O-O Bg4 9. h3 Bh5 10. Re1 Bb4 11. Nxe5 Bxd1 12. Nxc6+ Qe7 13. Rxe7+ Bxe7 14.
Nxe7 Kxe7 15. Nxd1 Rhe8 16. Ne3 Kf8 17. b3 Rad8 18. Ba3+ Kg8 19. Nd1 Rxd2 20.
Ne3 a5 21. b4 axb4 22. Bxb4 Rd4 23. Bc5 Rd2 24. Bb4 Rdd8 25. Nf5 Rd7 26. Bc3 f6
27. Rb1 c6 28. Bb4 Red8 29. Ne7+ Kf7 30. Nf5 Rd1+ 31. Rxd1 Rxd1+ 32. Kh2 Ra1
33. a3 b6 34. Nd6+ Ke6 35. Kg3 c5 36. Bc3 Rxa3 37. f3 Rxc3 38. Ne4 Rxc2 39. Nf2
b5 40. Nd3 b4 41. Nf4+ Kd6 42. Nd3 b3 43. Kf4 b2 44. Nxb2 Rxb2 45. Ke3 Rb4 46.
Kd3 Kd5 47. Kc3 Ra4 48. Kb3 Rc4 49. Kb2 Kd4 50. Kb3 Kd3 51. Kb2 Rb4+ 52. Kc1 c4
53. Kd1 Rb1# 0-1

[Event "Julian Mazur Memorial"]
[Site "Wellington Chess Club"]
[Date "2014.09.04"]
[Round "7"]
[White "Nyberg, Michael"]
[Black "Sellen, Ian"]
[Result "0-1"]
[WhiteElo "2081"]
[BlackElo "2075"]

1. e4 c5 2. Nf3 d6 3. d4 cxd4 {Has Borg seen an advance copy of Scott's
Openings column from NZ Chess Mag ? The Open Sicilian is possibly the most
important of all openings but is a comparitively rare visitor to club chess in
New Zealand} 4. Nxd4 Nf6 5. Nc3 Nc6 6. Be2 g6 7. Be3 Bg7 8. f3 {#Diagram This
might look like a standard Dragon position, but actually it's not because White
is mixing plans. An early Be2 normally signals kingside castling, but f3
inevitably presages a more bloodthirsty approach with queenside castling. In
fact if we replace Bf1-e2 in this position with Qd1-d2 instead, we get a
position that occurs 25 times more often in my database, from which White
scores a healthy 58%. From the position that actually occurred in the game
White scores an anaemic 50%, indicating that Black has already equalized. }
8... O-O 9. Qd2 a6 10. g4 Bd7 11. h4 h5 12. g5 Ne8 13. Nd5 e6 14. Nxc6 Bxc6 $2
{After this White gets a little more play than he deserves}  (14... bxc6 $1 {is
more dynamic and better, with accelerated play towards b2} ) 15. Nb6 Rb8 16.
O-O-O Qc7 17. Rhf1 Rd8 18. Nc4 Qb8 ( {The computer immediately spots} 18... b5
$1 19. Bb6 Qb8 20. Bxd8 bxc4 {threatening mate and forcing} 21. Bf6 Nxf6 22.
gxf6 Bxf6 {when Black has huge compensation for the exchange} ) 19. Bb6 Rd7
{#Diagram We might have expected mutual king side attacks but instead White's
main trump has been the bone-in-the throat on the other side of the board at
b6, which Black has had to play around.  Black's manoevring has been a little
more purposeful however and he has achieved a compact setup with dynamic
potential - the pawn break d5 could be painful for White} 20. Ne3 Nc7 21. Ba5
d5 $3 {Sproink! (this is the sound an umbrella makes when you open it in case
anyone is confused)} 22. Bxc7 Qxc7 23. exd5 Bxd5 24. Nxd5 Rxd5 25. Qb4 Rc8 26.
Qb3 Rc5 {#Diagram The manoevring phase is over and the blood-letting can now
commence. I think it was Bent Larsen who claimed that 3.d4 is a positional
blunder - and we can see one of the ideas behind that comment here - in an
opposite sides castling situation Black doesn't have to advance a wing pawn to
open a file - he gets a half open c file for free. } 27. Bd3 Rc6 $3 {Quiet but
absolutely deadly - the computer signals this is a +5 (game-over) move, the
alternatives are merely +1 (solid Black advantage) moves. } 28. Qa4 Rb6 29. c3
Rxb2 $1 {Ian wraps up the game with a nice cocktail of accurate brutality.}  (
{For the record the computer finds an alternative that's just as good but
harder to see.} 29... Bxc3 30. bxc3 Qxc3+ 31. Bc2 Rb4 $1) 30. Bc4 Bxc3 31. Rd3
Qf4+ 32. Kd1 Rd2+ 0-1

[Event "Julian Mazur Memorial"]
[Site "Wellington Chess Club"]
[Date "2014.09.04"]
[Round "7"]
[White "Sole, Christopher"]
[Black "Wight, Joshua"]
[Result "1-0"]
[WhiteElo "953"]
[BlackElo "1204"]

1. e4 e5 2. Nf3 Nc6 3. Bc4 Bc5 4. d3 d6 5. O-O Nf6 6. Be3 Bxe3 (6... Bb6) 7.
fxe3 Bg4 8. Nbd2 O-O 9. h3 Bh5 10. Re1 a6 11. a3 Qd7 12. Nf1 Rad8 13. Ng3 Bxf3
14. Qxf3 Ne7 15. Nf5 b5 16. Bb3 Rfe8 (16... Rfe8 {Rybka 2.3.2a mp 32-bit  1.07
(depth 16)} 17. Nh6+ gxh6 18. Qxf6 Ng6 19. Rf1 Rf8 20. a4 c6 21. h4 h5 22. Qg5
b4 23. Rf5 d5) 17. Rf1 Qc6 $4 (17... Qc6 $4 {Rybka 2.3.2a mp 32-bit  5.65
(depth 13)} 18. Nxg7 Kh8 19. Nxe8 Nfg8 20. Nf6 Rf8 21. c3 Qb7 22. Nh5 Ng6) 18.
Qg3 Ng6 19. Nh6+ gxh6 20. Rxf6 Re7 $6 (20... Re7 $6 {Rybka 2.3.2a mp 32-bit
6.51 (depth 14)} 21. Rxg6+ Kh8 22. Rxh6 Qe8 23. Qh4 f6 24. Qxf6+ Rg7 25. Bf7
Qxf7 26. Qxd8+ Rg8 27. Qf6+ Rg7) 21. Raf1 Rf8 $4 (21... Rf8 $4 {Rybka 2.3.2a mp
32-bit  #10 (depth 16)} 22. Rxg6+ Kh8 23. Qh4 d5 24. Rxc6 Rd7 25. Bxd5 f5 26.
Qxh6 Rg8 27. Bxg8 Rg7 28. Bxh7 f4 29. Rg6 Rxg6 30. Qxg6 fxe3 31. Rf8#) 22.
Rxg6+ hxg6 23. Qxg6+ Kh8 24. Qxh6+ Kg8 25. Rf3 a5 26. Rg3# 1-0

[Event "Julian Mazur Memorial"]
[Site "Wellington Chess Club"]
[Date "2014.09.04"]
[Round "7"]
[White "Stone, Andrew"]
[Black "Stoeveken, Peter"]
[Result "1-0"]
[WhiteElo "2058"]
[BlackElo "1856"]

1. e4 e6 2. d4 d5 3. Nc3 Bb4 4. e5 Ne7 5. a3 Bxc3+ 6. bxc3 b6 7. Qg4 g6 8. Bg5
Nd7 9. Bb5 Bb7 10. Qh4 c6 11. Bd3 h5 12. Ne2 Nf8 13. g4 Qd7 14. Nf4 Nh7 15.
gxh5 Nxg5 16. Qxg5 O-O-O 17. hxg6 fxg6 18. Bxg6 Rdg8 19. h4 Nf5 20. h5 c5 21.
Nxe6 Ne7 22. Nf4 cxd4 23. cxd4 Qc6 24. Qxe7 Qc3+ 25. Ke2 Ba6+ 26. Bd3 Bxd3+ 27.
cxd3 Qxd4 28. Rac1+ Kb8 29. Qd6+ 1-0

[Event "Julian Mazur Memorial"]
[Site "Wellington Chess Club"]
[Date "2014.09.04"]
[Round "7"]
[White "Stracy, Don"]
[Black "Anderson, Gordon"]
[Result "1-0"]
[WhiteElo "1855"]
[BlackElo "1624"]

1. e4 d6 2. d4 Nf6 3. Nc3 g6 4. f4 Bg4 5. Be2 Bxe2 6. Qxe2 Bg7 7. Nf3 O-O 8.
O-O c6 9. Kh1 Nbd7 10. e5 dxe5 11. fxe5 Nd5 12. Ne4 f5 13. Neg5 Nc7 14. Qc4+
Kh8 15. Nf7+ Rxf7 16. Qxf7 e6 17. Bg5 Qe8 18. Qxe8+ Rxe8 19. c4 c5 20. Rad1
cxd4 21. Rxd4 Nxe5 22. Nxe5 Bxe5 23. Rd7 Na6 24. Rxb7 Bd4 25. Rd1 e5 26. Bf6+
Kg8 27. Rg7+ Kf8 28. Rxh7 Nc5 29. Rh8+ Kf7 30. Rxe8 Kxe8 31. Rxd4 exd4 32. Bxd4
Nd3 33. Kg1 a6 34. Kf1 Nb4 35. a3 Nc6 36. Bc3 Ke7 37. Ke2 Ke6 38. Kd3 a5 39. b4
axb4 40. axb4 f4 41. Ke4 g5 42. b5 Ne7 43. Bb4 Nc8 44. Bc5 Kf6 45. b6 1-0

[Event "Julian Mazur Memorial"]
[Site "Wellington Chess Club"]
[Date "2014.09.11"]
[Round "8"]
[White "Aldridge, Alan"]
[Black "Stracy, Don"]
[Result "1/2-1/2"]
[WhiteElo "1951"]
[BlackElo "1855"]

1. d4 Nf6 2. c4 e6 3. Nf3 b6 4. Bg5 Bb7 5. Nc3 Bb4 6. e3 h6 7. Bxf6 Qxf6 8. Be2
O-O 9. O-O c5 10. Qc2 cxd4 11. exd4 d5 12. cxd5 exd5 13. Rac1 Bxc3 14. Qxc3 Rd8
15. Bd3 Nc6 16. Bb1 Rac8 17. Qd3 g6 18. a3 Ne7 19. Ne5 Rxc1 20. Rxc1 Qf4 21.
Qd1 Rc8 1/2-1/2

[Event "Julian Mazur Memorial"]
[Site "Wellington Chess Club"]
[Date "2014.09.11"]
[Round "8"]
[White "Perry, Roger"]
[Black "Nyberg, Michael"]
[Result "1-0"]
[WhiteElo "2098"]
[BlackElo "2081"]

1. e4 c5 2. c3 e6 3. d4 d5 4. e5 Bd7 5. Nf3 Qb6 6. a3 Nc6 7. b4 c4 8. a4 a6 9.
Be2 Be7 10. O-O f6 11. Bf4 fxe5 12. Nxe5 Nxe5 13. Bxe5 Nf6 14. Nd2 O-O 15. f4
Be8 16. Bxf6 Rxf6 17. g3 Bg6 18. a5 Qc7 19. Nf3 b6 20. axb6 Qxb6 21. Ne5 Be8
22. Bf3 Rc8 23. Kg2 Bb5 24. Re1 Qd6 25. Ng4 Rff8 26. Qe2 Rc6 27. Ne5 Rb6 28.
Bg4 Bf6 29. h4 Be8 30. h5 Bd8 31. Ra2 Bb5 32. Nf3 Bd7 33. Qe5 Qc6 34. Qe3 Qd6
35. Rae2 Re8 36. Ne5 Bc8 37. Nf3 Bd7 38. Qe5 Bf6 39. Qxd6 Rxd6 40. Ng5 Bxg5 41.
fxg5 Kf7 42. Rf1+ Ke7 43. Ref2 Kd8 44. Rf7 Re7 45. h6 gxh6 46. gxh6 Be8 47. Rg7
Bg6 48. Rf8+ Kd7 49. Bd1 Be4+ 50. Kf2 e5 51. Bg4+ Re6 52. Rf6 exd4 53. Bxe6+
Kd8 54. Rf8+ Kc7 55. Rxe7+ Kd6 56. Ree8 dxc3 57. Ke1 c2 58. Kd2 c3+ 59. Kc1 d4
60. Bc4 Bg6 61. Rd8+ Ke5 62. Rf4 1-0

[Event "Julian Mazur Memorial"]
[Site "Wellington Chess Club"]
[Date "2014.09.11"]
[Round "8"]
[White "Scarlett, William"]
[Black "Konakanchi, Karthik"]
[Result "0-1"]
[WhiteElo "1255"]
[BlackElo "1351"]

1. e4 e5 2. Nf3 Nc6 3. Bb5 a6 4. Ba4 b5 5. Bb3 Nd4 6. Nxd4 exd4 7. d3 Bb7 8.
Bxf7+ Kxf7 9. Qh5+ g6 10. Qg4 Nf6 11. Qf4 Ke8 12. e5 Nh5 13. Qxd4 Bg7 14. Rg1
Qe7 15. Be3 Bxe5 16. Qc5 Qxc5 17. Bxc5 Bxb2 18. c3 Bxa1 19. Kd2 d6 20. Bd4 Rf8
21. Kc2 c5 22. Be3 b4 23. Re1 Kd7 0-1

[Event "Julian Mazur Memorial"]
[Site "Wellington Chess Club"]
[Date "2014.09.11"]
[Round "8"]
[White "Sellen, Ian"]
[Black "Stone, Andrew"]
[Result "1/2-1/2"]
[WhiteElo "2075"]
[BlackElo "2058"]

1. c4 f5 2. g3 e6 3. Bg2 Nf6 4. Nc3 Be7 5. d4 O-O 6. e3 c6 7. Nge2 d5 8. b3 Na6
9. O-O Nc7 10. Rb1 Nce8 11. Bd2 Nd6 12. c5 Nde4 13. f3 Nxc3 14. Bxc3 b6 15. b4
Ba6 16. Re1 Bxe2 17. Rxe2 Qd7 18. Qc2 Bd8 19. a4 Bc7 20. b5 Rab8 21. Bb4 bxc5
22. bxc6 Qxc6 23. Bxc5 Rxb1+ 24. Qxb1 Rb8 25. Qa2 Qb7 26. Bf1 Bb6 27. Rb2 Qc7
28. Qb1 Nd7 29. Bxb6 {draw agreed} 1/2-1/2

[Event "Julian Mazur Memorial"]
[Site "Wellington Chess Club"]
[Date "2014.09.11"]
[Round "8"]
[White "Wilkins, Mark"]
[Black "Croad, Nicolas"]
[Result "0-1"]
[WhiteElo "1886"]
[BlackElo "2368"]

1. d4 Nf6 2. Bg5 d5 3. Nd2 c6 4. e3 Bg4 5. Ngf3 Ne4 6. Bf4 Qb6 7. Qc1 Nxd2 8.
Nxd2 Nd7 9. c4 e6 10. c5 Qd8 11. Bd3 e5 12. Bxe5 Nxe5 13. dxe5 Qa5 14. b4 Qxb4
15. Rb1 Qxc5 16. Qxc5 Bxc5 17. Rxb7 Bb6 18. O-O Bc8 19. Ba6 O-O 20. Rc1 c5 21.
e4 dxe4 22. Nxe4 Bxb7 23. Bxb7 Rad8 24. Nd6 Bc7 25. Rd1 Rfe8 26. f4 c4 27. Bd5
Bxd6 28. exd6 c3 29. Bb3 Re2 30. Rc1 c2 31. Kf1 Rd2 32. Bxc2 R8xd6 33. Bb3 g6
34. Rc8+ Kg7 35. Rc7 Rd7 36. Rc5 Rb2 37. Bd5 Re7 38. Rc1 Ree2 39. a4 Red2 40.
Bc6 Rdc2 41. Rxc2 Rxc2 42. Bb5 Ra2 43. h3 Kf6 44. g3 h6 45. Kg1 Ke7 46. h4 f6
47. Kf1 g5 48. hxg5 hxg5 49. fxg5 fxg5 50. Kg1 a5 51. Kf1 Kd6 52. g4 Kc5 53.
Bd7 Kb4 54. Ke1 Rxa4 55. Bxa4 Kxa4 56. Kd2 Kb3 0-1

[Event "Club Championships"]
[Site "Wellington Chess Club"]
[Date "2014.09.25"]
[Round "1"]
[White "Aldridge, Alan"]
[Black "Stoeveken, Peter"]
[Result "0-1"]
[WhiteElo "1951"]
[BlackElo "1856"]

1. d4 d5 2. c4 Nf6 3. Nc3 e6 4. Nf3 c6 5. Bg5 Be7 6. e3 Nbd7 7. Bd3 Qc7 8. O-O
O-O 9. Rc1 Re8 10. cxd5 exd5 11. Bb1 Nf8 12. Bxf6 Bxf6 13. Nxd5 Qd6 14. Nxf6+
Qxf6 15. Qd3 g6 16. Ne5 Re7 17. Bc2 Nd7 18. f4 Nxe5 19. fxe5 Qg5 20. Bb3 Bf5
21. e4 Be6 22. Bxe6 fxe6 23. Qa3 a6 24. Rcd1 Rf8 25. Rf6 Rxf6 26. Qxe7 Rf1+ 0-1

[Event "Club Championships"]
[Site "Wellington Chess Club"]
[Date "2014.09.25"]
[Round "1"]
[White "Asplet, Mike"]
[Black "List, Robert"]
[Result "1-0"]
[WhiteElo "1566"]
[BlackElo "1724"]

1. e4 c6 2. d4 d5 3. e5 Bf5 4. Bd3 Bxd3 5. Qxd3 e6 6. Ne2 Nd7 7. Nd2 c5 8. c3
Qb6 9. Nf3 Rc8 10. O-O c4 11. Qc2 Ne7 12. Ng3 Ng6 13. Be3 a5 14. Nh5 Rc6 15.
Rab1 Qa6 16. Nd2 b5 17. b3 cxb3 18. Rxb3 b4 19. Rfb1 Qc8 20. Rc1 a4 21. Rbb1
Rxc3 22. Qd1 Nb6 23. Rxc3 Qxc3 24. Nf3 Ne7 25. Bd2 Qd3 26. Bxb4 Qxd1+ 27. Rxd1
Nc4 28. Rb1 Nc6 29. Bxf8 Kxf8 30. Rb7 N4a5 31. Rc7 g6 32. Rc8+ Ke7 33. Rxh8
gxh5 34. Rxh7 Nc4 35. Rh8 a3 36. Ne1 Nxd4 37. Nd3 Nc6 38. Rg8 N6xe5 39. Nb4 Kf6
40. f3 Kf5 41. Kf2 h4 42. Nc2 Nd3+ 43. Kg1 Nc1 44. Ra8 Nxa2 45. Nxa3 Nxa3 46.
Rxa3 Nb4 47. Ra4 Nc2 48. Rxh4 d4 49. Rh8 Kf4 50. Kf2 Ne3 51. Rd8 e5 52. Kg1 Nc2
53. Kf2 Ne3 54. g4 Kg5 55. Ke2 Ng2 56. Kd3 f6 57. Ke4 Nf4 58. Rg8+ Ng6 59. h4+
Kh6 60. Rd8 Nxh4 61. Rh8+ Kg5 62. Rh5+ 1-0

[Event "Club Championships"]
[Site "Wellington Chess Club"]
[Date "2014.09.25"]
[Round "1"]
[White "Baker, Jack"]
[Black "Collings, Alex"]
[Result "1-0"]
[WhiteElo "1396"]
[BlackElo "1203"]

1. e4 e5 2. Nf3 Nc6 3. Bc4 Nf6 4. Nc3 Bb4 5. Nd5 Nxe4 6. Nxb4 Nxb4 7. Nxe5 d5
8. Bb3 Qe7 9. d4 f6 10. Qh5+ g6 11. Nxg6 Ng3+ 12. Nxe7+ Nxh5 13. Nxd5 Nxd5 14.
Bxd5 Bf5 15. Bxb7 Rd8 16. c3 Kf7 17. f3 Rde8+ 18. Kf2 Bd3 19. Be3 Rb8 20. Bd5+
Kg7 21. b3 f5 22. Rad1 Bc2 23. Rd2 f4 24. Rxc2 fxe3+ 25. Kxe3 Rhe8+ 26. Be4 Nf6
27. Rf1 Rbc8 28. c4 c5 29. d5 1-0

[Event "Club Championships"]
[Site "Wellington Chess Club"]
[Date "2014.09.25"]
[Round "1"]
[White "Dive, Russell"]
[Black "Stone, Andrew"]
[Result "1/2-1/2"]
[WhiteElo "2440"]
[BlackElo "2058"]

1. Nf3 d6 2. d4 Nf6 3. g3 g6 4. Bg2 Bg7 5. O-O O-O 6. c4 Nbd7 7. Nc3 e5 8. e4
Re8 9. d5 a5 10. Rb1 Nc5 11. Ne1 c6 12. b3 cxd5 13. cxd5 b6 14. f3 Nh5 15. a3
Ba6 16. Rf2 Rc8 17. Rc2 b5 18. b4 Nd7 19. Be3 Nb6 20. Qc1 Nc4 21. Bf2 a4 22.
Bf1 Qd7 23. Nxa4 bxa4 24. Bxc4 Bxc4 25. Rxc4 Rxc4 26. Qxc4 Rc8 27. Qd3 f5 28.
b5 Nf6 29. b6 fxe4 30. fxe4 Qb7 31. Kg2 Nd7 32. Rb4 Nc5 33. Qe2 Rf8 34. Nf3 Bh6
35. Bxc5 dxc5 36. Rxa4 Qxb6 37. Nxe5 Qb3 38. Ra7 Be3 39. Ng4 Bd4 40. Kh3 c4 41.
Rc7 c3 42. Qa6 Bg7 43. Qe6+ Kh8 44. Qe7 1/2-1/2

[Event "Club Championships"]
[Site "Wellington Chess Club"]
[Date "2014.09.25"]
[Round "1"]
[White "Forster, Bill"]
[Black "Croad, Nicolas"]
[Result "1/2-1/2"]
[WhiteElo "2081"]
[BlackElo "2368"]

1. Nf3 Nf6 2. c4 c5 3. g3 b6 4. Bg2 Bb7 5. O-O e6 6. Nc3 Be7 7. b3 O-O 8. Bb2
d6 9. e3 Nbd7 10. Qe2 Re8 11. d3 Rc8 12. Rac1 Qc7 13. e4 Ne5 14. Nh4 Nc6 15.
Nb5 Qb8 16. f4 a6 17. Na3 Nd7 18. Nf3 Bf6 19. Bxf6 Nxf6 20. Nc2 b5 21. Ne3 Ba8
22. g4 bxc4 23. bxc4 Qb4 24. Rb1 Qa5 25. Rb2 Rb8 26. Rfb1 Rxb2 27. Rxb2 Qc3 28.
Qd2 Qxd2 29. Nxd2 e5 30. f5 Rb8 31. Rxb8+ Nxb8 32. Bf3 h6 33. Bd1 Nc6 34. a3
Nd4 35. Nf3 Bc6 36. Kf2 Kf8 37. Ke1 Ke7 38. h4 Nd7 39. Nd5+ Bxd5 40. cxd5 Nxf3+
41. Bxf3 Nb6 42. Kd2 Kd8 43. Bd1 c4 44. Kc3 cxd3 45. Kxd3 Nd7 46. g5 hxg5 47.
hxg5 Nc5+ 48. Ke3 Ke7 49. Bc2 f6 50. g6 Kd7 51. Kd2 Kc7 52. Kc3 Kb6 53. Bb1 Kb5
54. Bc2 Ka5 55. Kc4 Nd7 56. Kc3 Nb6 57. Bb3 Na8 58. Bc2 Nc7 59. Kb3 Kb5 60. Kc3
Kc5 61. a4 Na8 62. Bd3 Kb6 63. Kb4 a5+ 64. Kc3 Kc7 65. Be2 Kb7 66. Bd3 Ka7 67.
Bb5 Nb6 68. Bc6 Nc8 69. Bb5 Ne7 70. Bd7 Ng8 71. Bb5 Nh6 72. Be2 Kb6 73. Kb3 Ng8
74. Bb5 Ne7 75. Bd7 Ng8 76. Bb5 Kc7 77. Kc3 Ne7 78. Be2 Nc8 79. Bb5 Nb6 80. Bc6
Kd8 81. Kb3 Kc7 82. Kc3 Nc8 83. Bb5 Na7 84. Kc4 Kc8 85. Ba6+ Kd8 86. Bb7 Kc7
87. Ba6 Kb6 88. Bb5 Kb7 89. Bd7 Kc7 1/2-1/2

[Event "Club Championships"]
[Site "Wellington Chess Club"]
[Date "2014.09.25"]
[Round "1"]
[White "Jackson, Ross"]
[Black "Rossiter, Philip"]
[Result "1/2-1/2"]
[WhiteElo "1984"]
[BlackElo "1922"]

1. d4 Nf6 2. c4 g6 3. f3 d5 4. cxd5 Nxd5 5. e4 Nb6 6. Nc3 Bg7 7. Be3 Nc6 8. Bb5
Bd7 9. Nge2 O-O 10. O-O Na5 11. Bxd7 Qxd7 12. b3 Rad8 13. Qc2 Nc6 14. Rad1 e6
15. Rd2 Qe7 16. Rfd1 f5 17. e5 Nb4 18. Qc1 N4d5 19. Rc2 Nxe3 20. Qxe3 c6 21. f4
Rc8 22. Nc1 Nd5 23. Nxd5 cxd5 24. Rdd2 Qd7 25. Nd3 b6 26. Qe2 Rfe8 27. Rxc8
Rxc8 28. Rc2 Bf8 29. Rxc8 Qxc8 30. Qd2 Qc6 31. Kf2 Be7 32. Ke2 Ba3 33. Kd1 Bf8
34. g3 Kf7 35. h3 {draw agreed} 1/2-1/2

[Event "Club Championships"]
[Site "Wellington Chess Club"]
[Date "2014.09.25"]
[Round "1"]
[White "Meravanage, Satwik"]
[Black "Phillips, Cameron"]
[Result "1-0"]
[WhiteElo "1238"]
[BlackElo "1192"]

1. e4 e5 2. Nf3 Nc6 3. Bc4 Na5 4. Nxe5 Nxc4 5. Nxc4 Nf6 6. Nc3 Bb4 7. d3 Bxc3+
8. bxc3 O-O 9. O-O b5 10. Ne3 d6 11. f4 Nd7 12. d4 c5 13. Qg4 Nb6 14. Qh5 cxd4
15. cxd4 Nc4 16. Nxc4 bxc4 17. Bb2 Ba6 18. Bc3 Qb6 19. Rab1 g6 20. Rxb6 gxh5
21. Rxa6 Rfe8 22. e5 dxe5 23. fxe5 Reb8 24. Raf6 Rb7 25. d5 Rf8 26. e6 a6 27.
R6f5 h4 28. Rg5# 1-0

[Event "Club Championships"]
[Site "Wellington Chess Club"]
[Date "2014.09.25"]
[Round "1"]
[White "Perry, Roger"]
[Black "Timergazi, Layla"]
[Result "1-0"]
[WhiteElo "2098"]
[BlackElo "2071"]

1. e4 e6 2. d4 d5 3. e5 c5 4. c3 Nc6 5. Nf3 Nge7 6. Na3 cxd4 7. cxd4 Nf5 8. Nc2
Qb6 9. Be2 Bb4+ 10. Kf1 Ba5 11. Rb1 Bc3 12. g4 Nfe7 13. Be3 Ba5 14. b4 Bxb4 15.
a3 h5 16. g5 a5 17. Bd2 Bd7 18. axb4 a4 19. Na3 Nf5 20. Bc3 Rc8 21. Qd2 h4 22.
b5 1-0